000 00260 a2200097 4500
001 59581
090 _c36450
_d36450
100 _asimmons
245 _aGlobal environmental history 10,000 BC to AD 2000
260 _aEdinburgh
_bEdinburg University Press
_c2008
942 _aNUST-CAE
_k304.209 SIM
999 _c294654
_d294654